Financing of technical and vocational training in Latin America /
Salvato in:
| Autore principale: | |
|---|---|
| Altri autori: | |
| Natura: | testo |
| Tags: |
Aggiungi Tag
Nessun Tag, puoi essere il primo ad aggiungerne!!
|
MARC
| LEADER | 00000 a a2200000 04500 | ||
|---|---|---|---|
| 001 | 45646 | ||
| 003 | |||
| 040 | |||
| 100 | |a Kugler, Bernardo | ||
| 245 | |a Financing of technical and vocational training in Latin America / |c Bernardo Kugler, Alvaro Reyes | ||
| 700 | |a Reyes, Alvaro | ||
| 773 | |g páginas 296-320: tablas | ||
| 999 | |c 39782 |d 39782 | ||
